| 000 | 00457nam a2200181Ia 4500 | ||
|---|---|---|---|
| 003 | GCL | ||
| 008 | 140319s9999 xx 000 0 eng d | ||
| 040 |
_aGCL / _cGCL |
||
| 082 | 0 | 4 |
_a843 _bZ B |
| 100 | 1 | _aZOLA, EMILE | |
| 245 | 1 | 0 |
_aAU BONHEUR DES DAMES / _cZOLA, EMILE |
| 260 |
_a[S.N] : _bGALLIMARD ، _c1980 |
||
| 300 | _a570 P | ||
| 490 |
_aCOLLECTION FOLIO CLASSIQUE _v0 |
||
| 650 | 0 | 4 | _aLITERATURE |
| 650 | 0 | 4 | _aFRENCH LITERATURE |
| 942 |
_2ddc _cBK |
||
| 999 |
_c23325 _d23325 |
||